Bezpečnosť identifikačných kariet

Gespeichert in:
Bibliographische Detailangaben
1. Verfasser: Tóth, Peter, 1981- (Verfasst von)
Weitere Verfasser: Miksa, František, 1970- (Betreuung Doktorarbeit)
Format: Manuskript Buch
Sprache:Slowakisch
Veröffentlicht: STU v Bratislave MTF UIAM, 2010
Online-Zugang:VAIS
Tags: Tag hinzufügen
Keine Tags, Fügen Sie das erste Tag hinzu!

MARC

LEADER 00000ntm a22000003a 4500
001 stu206249
005 20160719160153.0
008 100702s2010------------------------slo-d
040 |a STU  |b slo 
041 0 |a slo 
100 1 |a Tóth, Peter,  |d 1981-  |4 aut  |X 31409  |7 A000031409 
242 0 0 |a Secirity of identification cards.  |y eng 
245 1 |a Bezpečnosť identifikačných kariet 
260 |b STU v Bratislave MTF UIAM,  |c 2010 
700 1 |a Miksa, František,  |d 1970-  |4 ths  |u M6000  |U MTF Materiálovotechnologická fakulta  |T MTF Ústav aplikovanej informatiky, automatizácie a matematiky  |X 2760  |U M6000  |Y 86  |7 A000002760 
856 4 |a info a plný text  |u http://is.stuba.sk/zp/portal_zp.pl?podrobnosti=75231  |3 VAIS 
996 |c M*DP-9278  |l MMSKP  |s P  |a 0  |w stu206249_0001